Statistics for An Extended Review on the Year 2017

Click here to take the quiz!

General Stats

  • This quiz has been taken 186 times
  • The average score is 38 of 94

Answer Stats

DateEventAnswer% Correct
Jan 20He officially becomes the 45th President of the United StatesDonald J. Trump
95%
Jun 1President Trump withdraw the USA from this agreement{Paris} Agreement
89%
Jan 26They won't pay for the wallMexico
88%
Mar 29The U.K. officially begins negotiating to leave thisthe European Union
80%
Aug 9President Trump threatens to answer this country with "fire and fury"North Korea
77%
Aug 10This legendary sprinter races his last raceUsain Bolt
73%
May 21A terrorist attack happens in Manchester during a concert of this singerAriana Grande
72%
Jun 30With the motto "Ehe für alle", this country legalizes gay marriageGermany
71%
Jun 14The Grenfell Tower cauterizes in this city with 70 victimsLondon
71%
Sep 26This country allows women to drive - the last country in the world to do soSaudi Arabia
70%
Oct 1This Spanish region holds a referendum (technically illegal).
The Spanish government overreacts and injures more than 700 people
Catalonia
68%
OctThis American film producer is accused of sexual harassmentHarvey Weinstein
68%
Sep 12Apple presents their next iPhoneiPhone X or iPhone 8
67%
May 7The French can vote for one of these two politicians in the presidential electionEmmanuel Macron
66%
Feb 13He orders the killing of his half-brother by a chemical attack in MalaysiaKim Jong-un
66%
Dec 5This country won't be allowed to start under their own flag at the 2018 OlympicsRussia
65%
Dec 14This company buys most of 21st Century Fox for $52.4 billionThe Walt Disney Company
63%
Dec 7Russia and Iraq declare the victory over this organizationISIS
62%
Mar 10This country suspends President Park Geun-hyeSouth Korea
62%
Jan 27Executive Order 13769 bans this religious followers of entering into the U.S.Muslim
61%
Jun 11The people of this territory vote in favor of becoming the 51st statePuerto Rico
61%
Nov 16A painting of this painter is sold for $450m, becoming by far the most expensive paintingLeonardo da Vinci
60%
OctThis hashtag becomes famous because of ^#MeToo
60%
SepThese disasters happen in California due to ongoing droughtsBrush fires
59%
May 10First company to be worth more than $800 billionApple
58%
Oct 1A mass shooting occurs during a music festival in this U.S. cityLas Vegas
58%
Aug 9The above country threatens to nuke this U.S. territoryGuam
57%
Apr 3An explosion happens in a metro of this Russian citySt. Petersburg
57%
Dec 6The U.S. decides to accept this capital, earning the hatred of basically of all other nationsJerusalem
56%
Sep 25This people group vote for a secession from Iraqthe Kurds
56%
Jul 27He displaces Bill Gates as the richest personJeff Bezos
55%
Nov 27Britain's Prince Harry announces his engagement with this womanMeghan Markle
55%
Jul 9This CEO becomes the first owner of a Tesla Model 3Elon Musk
54%
Oct 12These two countries declare their withdrawal from the UNESCOUnited States
53%
Jul 16He becomes the first to win the Wimbledon Championships 8 timesRoger Federer
50%
Aug 16"No one is born hating another person because of the color of his skin or his background or his religion...". This man tweets the most popular tweetBarack Obama
48%
Jun 5The UAE and Egypt isolate this Middle East country leading to a diplomatic crisisQatar
48%
Aug 25The first Category 4 hurricane this year makes landfall in Rockport, TexasHurricane Harvey
45%
May 7The French can vote for one of these two politicians in the presidential electionMarine Le Pen
45%
Aug 3This Brazilian signs the world's most expensive football team ($263m)
and joins Paris-Saint-Germain
Neymar
45%
May 31President Trump tweets this unknowable wordCovfefe
43%
Sep 27Founder of PlayboyHugh Hefner
43%
Sep 16This well-known Bavarian Volksfest opens his gates for the 184th timeOktoberfest
42%
Oct 1This former American Football star can leave prison
after being arrested for nine years
O.J. Simpson
41%
Nov 21This African despot resigns voluntaryRobert Mugabe
40%
May 9The President dismiss this FBI director immediately effectiveJames Comey
39%
Jan 8This musical wins 7 Golden Globes, the first to do soLa La Land
39%
Nov 29What did Slobodan Praljak do after being guilty?Committed suicide by poisoning
37%
Sep 7The next Atlantic hurricane devastates Puerto RicoHurricane Irma
37%
Feb 5This team wins Super Bowl LI after being 3-28 downNew England Patriots
37%
Oct 12The first Youtube video to be watched 4 billion timesDespacito
36%
Oct 12These two countries declare their withdrawal from the UNESCOIsrael
35%
Nov 14After a coup d'état, the Defence Forces
overtake the control in this African country
Zimbabwe
35%
Aug 25Myanmar starts to pursue this religious minorityRohingya
34%
Jun 16Pres. Trump reinstates travel and business restrictions of this countryCuba
32%
Sep 13IOC session: This city will hold the Summer OIympics 2028Los Angeles
31%
Apr 7A terrorist attack happens in this European capitalStockholm
30%
Jun 9He was Batman (in the TV series)Adam West
29%
Jul 1This country can celebrate its 150th anniversaryCanada
29%
Sep 19As if it wouldn't be enough, the next major hurricane devastates DominicaHurricane Maria
29%
Sep 5The Trump administration rescind the policy to protect this type of childrenDreamers
28%
May 17He becomes head of the Special Counsel investigation of Russian interferenceRobert Mueller
27%
May 23In Live and Let Die, he was the one who said: My name is Bond, James BondRoger Moore
27%
Nov 19American criminal and cult leaderCharles Manson
25%
Jul 8The G20 summit ends with huge riots in this cityHamburg
25%
May 13This country wins the Eurovision Song ContestPortugal
25%
Jan 26Alexander Van der Bellen becomes President of ...Austria
24%
Mar 18American singer, Johnny B. Goode and Route 66Chuck Berry
23%
Sep 360'000 have to be evacuated due to a disarming of a WWII bomb in this German cityFrankfurt am Main
22%
Dec 20For the first time the EU requests a criminal process against
one of its member states, namely ...
Poland
22%
Nov 15A submarine of this country goes missing after reporting mechanical failureArgentina
21%
Apr 11The bus of this football team is attackedBorussia Dortmund
19%
Jul 20Lead singer of Linkin ParkChester Bennington
19%
Aug 23An unexpected rainfall happens here, in the world's driest placeAtacama Desert
17%
Jun 16German statesman and Chancellor, known as "a great European leader"Helmut Kohl
17%
Mar 14For the 8th time in a row, this city is the most liveable in the worldVienna
17%
Oct 1The two opponents: Prime Minister of SpainMariano Rajoy
16%
Oct 17This city is finally freed from ISISRaqqa
16%
Jan 1This Portuguese becomes Secretary-General of the UNAntónio Guterres
14%
May 19The people of Iran re-elect this presidentHassan Rouhani
14%
May 29Panamanian dictator, 1983-1989Manuel Noriega
13%
Jun 5The NATO can welcome its 29th memberMontenegro
13%
Jan 18Yahya Jammeh, president of this country, refuses to pass officeGambia
12%
Jan 1A terrorist nightclub shooting happens in this cityIstanbul
12%
Oct 1The two opponents: President of the GeneralitatCarles Puigdemont
10%
Nov 19After the failure of a "Jamaica-Coalition",
this German party announces its withdrawal from the negotiations
FDP
9%
Apr 20Moscow ranks this Christian denomination as an extremistic organizationJehovah's Witnesses
9%
Jan 7He announces the dismissal of 8,400 authoritiesRecep Tayyip Erdogan
9%
Oct 31This ecclesiastical event can celebrate its 500th anniversarythe Reformation
8%
Mar 19He succeeds Joachim Gauck as President of GermanyFrank-Walter Steinmeier
6%
Aug 20"King of Comedy"Jerry Lewis
6%
Apr 15Last living person being born in the 1800sEmma Morano
2%
Oct 19First known interstellar object to pass through the Solar System'Oumuamua
2%
Jun 18Russia cuts down the cooperation with the U.S. in Syria
after the attack on this Syrian fighting machine
Suchoi Su-22
2%

Score Distribution

Percentile by Number Answered

Percent of People with Each Score

Your Score History

You have not taken this quiz